banner-ar

السبع السابع من عيون الاخبار وفنون الاثار / (Record no. 65885)

MARC details
000 -الفاتح
حقل البيانات ثابتة الطول 01513nam a22003137a 4500
005 - وقت وتاريخ اخر تعامل مع التسجيلة
رقم الضبط 20240530110848.0
008 - عناصر البيانات ثابتة الطول - معلومات عامة
حقل البيانات ثابتة الطول 200912s2019 ua a f b 000 0dara d
017 ## - رقم الايداع القانونى
رقم الايداع القانونى 2019/3983
المصدر ( الهيئة المختصة) مصر. دار الكتب
020 ## - الرقم الدولى المعيارى للكتب
الرقم الدولى المعيارى للكتاب 9789771813569
040 ## - مصدر الفهرسة
وكالة الفهرسة الأصلية EG-CaGPL
وكالة النسخ EG-CaGPL
082 04 - رقم تصنيف ديوى العشرى
رقم الطبعة 21
رقم التصنيف 953.074
رقم المادة د س
100 1# - المدخل الرئيسى - إسم شخصى
الإسم الشخصى الداعى ، عماد الدين ادريس بن الحسن بن عبدالله بن على الاسماعيلى
245 12 - بيان العنوان
العنوان السبع السابع من عيون الاخبار وفنون الاثار /
بيان المسئوليه,etc الداعى ، عماد الدين ادريس بن الحسن بن عبدالله بن على الاسماعيلى ؛ قابله باصوله واعده للنشر ايمن فؤاد سيد
250 ## - بيان الطبعة
بيان الطبعة ط.1
260 ## - PUBLICATION, DISTRIBUTION, ETC. (IMPRINT)
تاريخ النشر أو التوزيع 2019
300 ## - الوصف المادى
التعداد 397 ص. ؛
أبعاد الوعاء 24 سم.
504 ## - تبصرة ببليوجرافية
تبصرة ببليوجرافية,الخ يشتمل على ارجاعات ببليوجرافية
600 0# - المدخل الاضافى بالموضوع-اسم شخصى
الإسم الشخصى على بن محمد الصليحى
600 0# - المدخل الاضافى بالموضوع-اسم شخصى
الإسم الشخصى الطيب بن الامر
600 0# - المدخل الاضافى بالموضوع-اسم شخصى
الإسم الشخصى الامر باحكام الله
600 0# - المدخل الاضافى بالموضوع-اسم شخصى
الإسم الشخصى المستعلى بالله
600 0# - المدخل الاضافى بالموضوع-اسم شخصى
الإسم الشخصى احمد بن على الصليحى
600 0# - المدخل الاضافى بالموضوع-اسم شخصى
الإسم الشخصى المؤيد فى الدين
650 07 - المدخل الاضافى بالموضوع-مصطلح موضوعى
مصطلح موضوعي التاريخ الاسلامى
مصدر الرأس أو المصطلح qrmak
651 07 - المدخل الاضافى بالموضوع - اسم جغرافى
مصدر الرأس أو المصطلح qrmak
الاسم الجغرافي مصر
التقسيم الفرعي العام الاحوال الدينية
700 0# - المدخل الاضافى - اسم شخصى
الإسم الشخصى ايمن فؤاد سيد
الدور معد النشر
942 ## - عناصر المدخل الإضافي( كوها)
مصدر التصنيف او مخطط الترفيف Dewey Decimal Classification
Koha [default] item type كتاب
260 ## - PUBLICATION, DISTRIBUTION, ETC. (IMPRINT)
-- القاهرة :
-- مطبعة دار الكتب و الوثائق القومية بالقاهرة ،
Holdings
حالة التراجع حالة الفقد حالة تلف ليس للاعارة المكان المؤقت الموقع الحالى تاريخ الاكتساب اجمالي اﻻعارات رقم الطلب الباركود تاريخ اخر مشاهدة تاريخ تفعيل السعر نوع وعاء كوها
        مكتبة القاهرة الكبرى مكتبة القاهرة الكبرى 11/01/2020   953.074\د س 167006 11/01/2020 11/01/2020 كتاب

Powered By

EGPV